Estadísticas para Ciudad más grande por Río

Haz click aquí para intentar la prueba.

Estadísticas generales

  • Esta prueba ha sido intentada 29 veces
  • La puntuación promedio es 10 de 21

Estadísticas de respuestas

RíoCiudad% Correcto
NiloEl Cairo
100%
Río de la PlataBuenos Aires
92%
SenaParís
92%
DanubioBudapest | Viena
85%
TámesisLondres
73%
YangtzéShanghái
69%
CongoKinsasa
65%
TíberRoma
65%
TigrisBagdad
54%
DniéperKiev
54%
VístulaVarsovia
42%
MisuriSan Luis / Kansas City
38%
LoiraNantes
27%
NeváSan Petersburgo
27%
Rio BravoCiudad Juárez / El Paso
23%
San LorenzoMontreal
19%
HanSeúl | Wuhan
19%
OhioPittsburgh / Cincinnati
12%
ColumbiaPortland
12%
IndoHyderabad
4%
MisisipiMinneapolis
4%

Distribución de puntuación

Porcentaje por número respondido

Porcentaje de gente con cada puntuación

Historial de tus puntuaciones

No has intentado esta prueba.